Electromagnetic field theory (Record no. 4232)
[ view plain ]
| 000 -LEADER | |
|---|---|
| fixed length control field | 00345nam a2200145Ia 4500 |
| 008 - FIXED-LENGTH DATA ELEMENTS--GENERAL INFORMATION | |
| fixed length control field | 191201s2007 xx 000 0 und d |
| 082 ## - DEWEY DECIMAL CLASSIFICATION NUMBER | |
| Classification number | 621.34 |
| Item number | GUE |
| 100 ## - MAIN ENTRY--PERSONAL NAME | |
| Personal name | GUPTA,Navneet |
| 245 #0 - TITLE STATEMENT | |
| Title | Electromagnetic field theory |
| 250 ## - EDITION STATEMENT | |
| Edition statement | Rep |
| 260 ## - PUBLICATION, DISTRIBUTION, ETC. (IMPRINT) | |
| Place of publication, distribution, etc | N.Delhi |
| Name of publisher, distributor, etc | sun india |
| Date of publication, distribution, etc | 2007 |
| 300 ## - PHYSICAL DESCRIPTION | |
| Extent | 490 |
| 650 ## - SUBJECT ADDED ENTRY--TOPICAL TERM | |
| Topical term or geographic name as entry element | B.Tech(ECE) |
| 942 ## - ADDED ENTRY ELEMENTS (KOHA) | |
| Source of classification or shelving scheme | Dewey Decimal Classification |
| Koha item type | Text Books |
| 942 ## - ADDED ENTRY ELEMENTS (KOHA) | |
| -- | 1 |
| Withdrawn status | Lost status | Source of classification or shelving scheme | Damaged status | Not for loan | Collection code | Home library | Current library | Date acquired | Source of acquisition | Cost, normal purchase price | Bill Number | Total Checkouts | Full call number | Acc. no. / Barcode | Date last seen | Date last borrowed | Bill Date | Koha item type |
|---|---|---|---|---|---|---|---|---|---|---|---|---|---|---|---|---|---|---|
| Dewey Decimal Classification | B.Tech(ECE) | PIET C-LIBRARY | PIET C-LIBRARY | 07/01/2010 | J B C, New Delhi | 210.00 | SI-3940 | 4 | 621.34 GUE | 14083 | 28/06/2024 | 21/06/2024 | 23/12/2009 | Text Books | ||||
| Dewey Decimal Classification | B.Tech(ECE) | PIET C-LIBRARY | PIET C-LIBRARY | 07/01/2010 | J B C, New Delhi | 210.00 | SI-3940 | 4 | 621.34 GUE | 14084 | 18/03/2025 | 27/02/2025 | 23/12/2009 | Text Books | ||||
| Dewey Decimal Classification | B.Tech(ECE) | PIET C-LIBRARY | PIET C-LIBRARY | 07/01/2010 | J B C, New Delhi | 210.00 | SI-3940 | 3 | 621.34 GUE | 14085 | 28/06/2024 | 25/06/2024 | 23/12/2009 | Text Books | ||||
| Dewey Decimal Classification | B.Tech(ECE) | PIET C-LIBRARY | PIET C-LIBRARY | 07/01/2010 | J B C, New Delhi | 210.00 | SI-3940 | 8 | 621.34 GUE | 14086 | 14/04/2025 | 13/02/2025 | 23/12/2009 | Text Books | ||||
| Dewey Decimal Classification | B.Tech(ECE) | PIET C-LIBRARY | PIET C-LIBRARY | 07/01/2010 | J B C, New Delhi | 210.00 | SI-3940 | 3 | 621.34 GUE | 14087 | 28/06/2024 | 18/06/2024 | 23/12/2009 | Text Books |